| 000 | 00892nam a2200301 i 4500 | ||
|---|---|---|---|
| 999 |
_c2131 _d2131 |
||
| 001 | 016942961 | ||
| 003 | Uk | ||
| 005 | 20230310104616.0 | ||
| 008 | 141113s2014 enka j 0|0 1|eng | ||
| 015 |
_aGBB600025 _2bnb |
||
| 016 | 7 |
_a016942961 _2Uk |
|
| 020 | _a9781783433650 | ||
| 040 |
_aUk _beng _cUk _erda _dKH8 |
||
| 042 | _aukblsr | ||
| 082 | 0 | 4 |
_a823.92 COX _223 |
| 100 | 1 |
_aCox, Jenny, _eauthor. |
|
| 245 | 1 | 0 |
_aBedtime stories for girls / _cwritten by Jenny Cox ; illustrated by Rachel Baines. |
| 264 | 1 |
_aSywell : _bIgloo Books, _c2014. |
|
| 300 |
_a96 pages : _billustrations (colour) ; _c26 cm |
||
| 336 |
_atext _2rdacontent |
||
| 336 |
_astill image _2rdacontent |
||
| 337 |
_aunmediated _2rdamedia |
||
| 338 |
_avolume _2rdacarrier |
||
| 500 | _aPublisher's no.: SHE001 0714. | ||
| 650 | _achildren's story | ||
| 700 | 1 |
_aBaines, Rachel, _eillustrator. |
|
| 942 |
_2ddc _cNFIC |
||